Praktiky využívané v súčasnej marketingovej komunikácii a komparácia ich evaluácie z pohľadu konečných zákazníkov v Slovenskej republike a v zahraničí

Tradičné prístupy marketingového riadenia orientované na zákazníka boli od počiatku charakterizované uspokojovaním zákazníckych potrieb takým spôsobom, aby bol na jednej strane spokojný zákazník a na strane druhej, aby organizácia dosiahla stanovený stupeň ziskovosti. Hyperkonkurenčný trh, ktorý dne...

Descrizione completa

Salvato in:
Dettagli Bibliografici
Autore principale: Gubíniová, Katarína
Altri autori: Pajtinková - Bartáková, Gabriela, Sloviaková, Katarína
Natura: Capitolo di libro
Lingua:slovacco
Soggetti:
Tags: Aggiungi Tag
Nessun Tag, puoi essere il primo ad aggiungerne!!

MARC

LEADER 00000naa a2200000 4500
001 0250106
005 20241121125936.0
041 0 |a slo 
044 |a SK 
245 1 0 |a Praktiky využívané v súčasnej marketingovej komunikácii a komparácia ich evaluácie z pohľadu konečných zákazníkov v Slovenskej republike a v zahraničí  |c Katarína Gubíniová, Gabriela Pajtinková - Bartáková, Katarína Lenka 
520 |a Tradičné prístupy marketingového riadenia orientované na zákazníka boli od počiatku charakterizované uspokojovaním zákazníckych potrieb takým spôsobom, aby bol na jednej strane spokojný zákazník a na strane druhej, aby organizácia dosiahla stanovený stupeň ziskovosti. Hyperkonkurenčný trh, ktorý dnes funguje na úrovni národných a nadnárodných ekonomík je typický tým, že v snahe marketingových manažérov pri obsluhe trhov pribúda stále viac nekalých, neetických a zavádzajúcich praktík. Zavádzajúce, klamlivé a neetické prístupy marketingového manažmentu sa stali predmetom spoločenskej kritiky, pričom aj v akademickej sfére sa tento problém stáva postupne zreteľnejším. Vnímanie a hodnotenie marketingových aktivít v rámci marketingovej komunikácie zo strany konečných zákazníkov v podmienkach Slovenskej republiky (na základe reprezentatívneho prieskumu na vzorke 1 650 respondentov). 
610 2 0 |a stratégia marketingová 
610 2 0 |a zákazníci 
610 2 0 |a nástroje marketingové 
610 2 0 |a analýza komparatívna 
610 2 0 |a zahraničie 
610 2 0 |a Slovensko 
100 1 |a Gubíniová, Katarína 
700 1 |a Pajtinková - Bartáková, Gabriela 
700 1 |a Sloviaková, Katarína